| 000 | 00987nam a22002777a 4500 | ||
|---|---|---|---|
| 003 | DO-SdBNP | ||
| 005 | 20240301073829.0 | ||
| 007 | ta | ||
| 008 | 210615b 2021 dr a 00| 0 eng d | ||
| 020 | _a9789945221251 | ||
| 040 |
_aDO-SdBNP _bspa _cBNPHU |
||
| 082 | 4 |
_a920.71 _bN714r 2021 _222 |
|
| 100 | 1 |
_aNina Gómez, Carlos _96492 |
|
| 245 | 1 | 0 |
_aLa respiración del reloj ..: memorias/ _cCarlos Nina Gómez ; prólogo: Tony Raful Tejada. |
| 250 | _a2da. ed. | ||
| 260 |
_aSanto Domingo : _bBúho, _c2021. |
||
| 300 |
_a763 p. : _bil., retrs. ; _c23 cm. |
||
| 500 | _aIncluye datos biográficos del autor en la solapa de la cubierta. | ||
| 590 | _aInventariado, 2021 /LP | ||
| 590 | _aLa biblioteca posee 2 ejemplar autografiado por el autor | ||
| 600 | 1 | 4 |
_aNina Gómez, Carlos _96492 |
| 650 | 4 |
_aPeriodistas _zRepública Dominicana _vBiografías _977129 |
|
| 700 | 1 |
_aRaful, Tony, _d1951- _eprólogo _91377 |
|
| 910 | _aLopérez./Validado.Control de calidad MFF | ||
| 942 |
_2ddc _cLBS1 |
||
| 999 |
_c50972 _d50972 |
||